LEADER 00815nam a2200205 i 4500 001 000000202539 003 CaOOAMICUS 005 20110526000000.0 008 110526s1916 it u000 u ita u 013 $a181249 040 $aSeMil$bita 100 1 $aCampolieti, Nicola Maria.$0(OLS)http://semarc/name/73179 245 13$aIl Vangelo del Soldato Italiano /$cCol. N. M. Campolieti. 260 $aMilano :$bRomolo Ghirlanda,$c1916. 300 $a188 p. ;$c16 cm. 650 4$aGuerra mondiale <1914-1918> - Discorsi.$0(OLS)http://semarc/subject/38089 850 $aSeMil 852 $aSeMil$W1$xVenegono$y1$m3U I 95$j153062$B153062$CSeMilBibl$Z2$F164052 $81 996 $6245$aIl Vangelo del Soldato Italiano$9(OLS)http://semarc/title/293195 996 $6260$aMilano :$bRomolo Ghirlanda$9(OLS)http://semarc/publisher/33465 LEADER 00964nam a2200205 i 4500 001 000000080728 003 CaOOAMICUS 005 20180201000000.0 008 180201s1865 it u000 u ita u 013 $a52966 040 $aSeMil$bita 100 1 $aMainardi, Antonio.$0(OLS)http://semarc/name/91499 245 10$aStoria di Mantova dalla sua origine fino all'anno 1860 compendiosamente narrata al popolo /$cAntonio Mainardi. 260 $aMantova :$bTip. Benvenuti rapp. da Enrico Caranenti impr.,$c1865. 300 $aVII, 471 p. ;$c25 cm. 650 4$aMantova - Storia.$0(OLS)http://semarc/subject/5310 850 $aSeMil 852 $aSeMil$W1$xVenegono$y1$m3S IV 47 FA$j46137$B46137$CSeMilBibl$Z2$F48325 $8I 996 $6245$aStoria di Mantova dalla sua origine fino all'anno 1860 compendiosamente narrata al popolo$9(OLS)http://semarc/title/404111 996 $6260$aMantova :$bTip. Benvenuti rapp. da Enrico Caranenti impr.$9(OLS)http://semarc/publisher/56552